Normal view
MARC view
- Saleem, Arfa
Entry Personal Name
001 - CONTROL NUMBER
- control field: 123040
003 - CONTROL NUMBER IDENTIFIER
- control field: NUST
005 - DATE AND TIME OF LATEST TRANSACTION
- control field: 20240529103855.0
008 - FIXED-LENGTH DATA ELEMENTS
- fixed length control field: 240529|| aca||aabn | a|a d
040 ## - CATALOGING SOURCE
- Original cataloging agency: NUST
- Transcribing agency: NUST
100 ## - HEADING--PERSONAL NAME
- Personal name: Saleem, Arfa
670 ## - SOURCE DATA FOUND
- Source citation: Work cat.: (NUST): Saleem, Arfa, Development-induced Displacement and Dispossession: A Critical Discourse Analysis of the Construction of Dadhocha Dam in Rawalpindi /
